000
00239nam a2200109Ia 4500
008
190216s9999||||xx |||||||||||||| ||und||
100
_a
I M F
245
0
_a
International Capital Market
260
_b
I M F
650
_a
Commerce
942
_c
BK
999
_c
4952
_d
4952